Civil Procedure (Amendment No 5) Rules 2015 (Record no. 115630)
[ view plain ]
| 000 -LEADER | |
|---|---|
| fixed length control field | 01083cad a22002295a 4500 |
| 001 - CONTROL NUMBER | |
| control field | L159015 |
| 008 - FIXED-LENGTH DATA ELEMENTS--GENERAL INFORMATION | |
| fixed length control field | 040206s2015 xxk l f000 0 eng u |
| 020 ## - INTERNATIONAL STANDARD BOOK NUMBER | |
| International Standard Book Number | 0110483987 |
| 035 ## - SYSTEM CONTROL NUMBER | |
| System control number | (Sirsi) u159015 |
| 041 ## - LANGUAGE CODE | |
| Language code of text/sound track or separate title | eng |
| 245 ## - TITLE STATEMENT | |
| Title | Civil Procedure (Amendment No 5) Rules 2015 |
| Medium | [electronic resource] |
| 260 ## - PUBLICATION, DISTRIBUTION, ETC. | |
| Place of publication, distribution, etc. | London |
| Name of publisher, distributor, etc. | HMSO |
| Date of publication, distribution, etc. | 2015 |
| 490 ## - SERIES STATEMENT | |
| Series statement | SI |
| Volume/sequential designation | 2015: 1881 |
| 520 ## - SUMMARY, ETC. | |
| Summary, etc. | The 82nd Update to the Civil Procedure Rules introduces changes in a number of areas. Amendments to rules come into force on 3 December 2015, practice direction changes come into force on two dates in November. The changes are set out full in the Statutory Instrument and Practice Direction Making Document. For details of new rules and amendments see Explanatory Note. |
| 650 ## - SUBJECT ADDED ENTRY--TOPICAL TERM | |
| Topical term or geographic name entry element | CIVIL PROCEDURE (AMENDMENT NO 5) RULES 2015 |
| 650 ## - SUBJECT ADDED ENTRY--TOPICAL TERM | |
| Topical term or geographic name entry element | CIVIL PROCEDURE RULES |
| 650 ## - SUBJECT ADDED ENTRY--TOPICAL TERM | |
| Topical term or geographic name entry element | CIVIL PROCEDURE ACT 1997 |
| 651 #4 - SUBJECT ADDED ENTRY--GEOGRAPHIC NAME | |
| Geographic name | ENGLAND AND WALES |
| 690 ## - LOCAL SUBJECT ADDED ENTRY--TOPICAL TERM (OCLC, RLIN) | |
| Topical term or geographic name as entry element | LAW-UK |
| 856 40 - ELECTRONIC LOCATION AND ACCESS | |
| Uniform Resource Identifier | <a href="https://www.legislation.gov.uk/uksi/2015/1881/made">https://www.legislation.gov.uk/uksi/2015/1881/made</a> |
| Public note | View the Rules free of charge at www.legislation.gov.uk |
| 942 ## - ADDED ENTRY ELEMENTS (KOHA) | |
| Suppress in OPAC | 0 |
| Withdrawn status | Lost status | Source of classification or shelving scheme | Damaged status | Not for loan | Home library | Current library | Shelving location | Date acquired | Total Checkouts | Full call number | Barcode | Date last seen | Copy number | Price effective from | Koha item type |
|---|---|---|---|---|---|---|---|---|---|---|---|---|---|---|---|
| Dewey Decimal Classification | Virtual | Virtual | Online | 08/12/2015 | ONLINE PUBLICATION | 159015-2001 | 06/08/2019 | 1 | 06/08/2019 | Book |